Normal view MARC view
  • Hickock, Richard Eugene,

Entry Personal Name

Number of records used in: 1

001 - CONTROL NUMBER

  • control field: 153568

003 - CONTROL NUMBER IDENTIFIER

  • control field: DLC

005 - DATE AND TIME OF LATEST TRANSACTION

  • control field: 20260413091242.0

008 - FIXED-LENGTH DATA ELEMENTS

  • fixed length control field: 870410n| acannaab| |a aaa |||

010 ## - LIBRARY OF CONGRESS CONTROL NUMBER

  • LC control number: n 86113641

040 ## - CATALOGING SOURCE

  • Original cataloging agency: DLC
  • Transcribing agency: DLC
  • Modifying agency: CLU

100 10 - HEADING--PERSONAL NAME

  • Personal name: Hickock, Richard Eugene,
  • Dates associated with a name: 1931-1965

400 10 - SEE FROM TRACING--PERSONAL NAME

  • Personal name: Hickock, Dick,
  • Dates associated with a name: 1931-1965

670 ## - SOURCE DATA FOUND

  • Source citation: Capote, T. In cold blood, 1966, c1965:
  • Information found: p. 133 (his criminal dossier: Hickock, Richard Eugene; white male; address: Edgerton, Kan.; b. 6-6-31 at Kansas City, Kan.) p. 278-279 (hanged 4-14-1965 for murder of the Clutter family)

670 ## - SOURCE DATA FOUND

  • Source citation: LC data base, 4-8-87
  • Information found: (hdg.: Hickock, Richard Eugene, 1931-1965)

670 ## - SOURCE DATA FOUND

  • Source citation: In cold blood [MP] 1967:
  • Information found: credits (Dick)
Devinim Yazılım Eğitim Danışmanlık tarafından Koha'nın orjinal sürümü uyarlanarak geliştirilip kurulmuştur.